000
00199nam a2200085Ia 4500
008
120527s9999 xx 000 0 und d
100
_a
Mankin, Gregory
245
_a
Principles od Economics
942
_c
BK
999
_c
27219
_d
27219